100 Best Male Footballers 2020 - Statistics

General Stats
  • This quiz has been taken 305 times
  • The average score is 55 of 100
Answer Stats
# Club Player % Correct
2 Barcelona Lionel Messi
99%
3 Juventus Cristiano Ronaldo
98%
1 Bayern Munich Robert Lewandowski
96%
8 Liverpool Mohamed Salah
95%
7 Paris Saint-Germain Kylian Mbappé
93%
9 Paris Saint-Germain Neymar
92%
5 Liverpool Sadio Mané
92%
4 Manchester City Kevin de Bruyne
91%
10 Liverpool Virgil van Dijk
89%
6 Borussia Dortmund Erling Braut Haaland
88%
20 Tottenham Hotspur Harry Kane
87%
15 Bayern Munich Manuel Neuer
87%
12 Real Madrid Karim Benzema
86%
14 Bayern Munich Thomas Müller
84%
11 Bayern Munich Joshua Kimmich
82%
13 Real Madrid Sergio Ramos
82%
22 Tottenham Hotspur Son Heung-min
82%
19 Inter Milan Romelu Lukaku
78%
26 Liverpool Alisson
77%
71 Real Madrid Luka Modric
77%
42 Real Madrid Toni Kroos
77%
18 Liverpool Trent Alexander-Arnold
77%
43 Liverpool Roberto Firmino
76%
34 Liverpool Andrew Robertson
75%
16 Bayern Munich Serge Gnabry
72%
23 Bayern Munich Alphonso Davies
70%
24 Lazio Ciro Immobile
70%
54 Chelsea Thiago Silva
69%
70 Manchester City Bernardo Silva
68%
21 Manchester United Bruno Fernandes
68%
35 Leicester City Jamie Vardy
68%
33 Liverpool Jordan Henderson
68%
44 Inter Milan Lautaro Martinez
68%
75 Bayern Munich Leroy Sané
67%
46 Real Madrid Thibaut Courtois
67%
25 A.C. Milan Zlatan Ibrahimovic
67%
90 Barcelona Antoine Griezmann
66%
27 Manchester City Raheem Sterling
65%
28 Atlético Madrid Jan Oblak
64%
41 Manchester United Marcus Rashford
64%
36 Arsenal Pierre-Emerick Aubameyang
63%
65 Manchester City Sergio Agüero
63%
40 Bayern Munich Leon Goretzka
62%
56 Real Madrid Casemiro
61%
29 Borussia Dortmund Jadon Sancho
60%
17 Liverpool Thiago Alcantara
60%
89 Manchester City Ederson
59%
58 Atlético Madrid Luis Suarez
59%
55 Chelsea N'Golo Kanté
59%
30 Chelsea Timo Werner
58%
31 Bayern Munich David Alaba
56%
51 Liverpool Fabinho
56%
50 Chelsea Kai Havertz
56%
47 Bayern Munich Kingsley Coman
55%
83 Real Madrid Eden Hazard
53%
39 Juventus Paulo Dybala
53%
32 Atalanta Alejandro Gómez
50%
38 Paris Saint-Germain Ángel Dí Maria
50%
97 Bayern Munich Jérome Boateng
50%
49 Paris Saint-Germain Marquinhos
49%
79 Barcelona Frenkie de Jong
48%
86 Sevilla Jesús Navas
48%
67 Paris Saint-Germain Keylor Navas
48%
77 Manchester City Riyad Mahrez
47%
48 Barcelona Marc-André Ter Stegen
46%
59 Aston Villa Jack Grealish
43%
84 Napoli Dries Mertens
42%
37 Atlético Madrid João Félix
41%
64 Lyon Memphis Depay
41%
63 Liverpool Diogo Jota
40%
73 Liverpool Georginio Wijnaldum
40%
69 Juventus Matthijs de Ligt
39%
57 Atalanta Duván Zapata
38%
81 Barcelona Philippe Coutinho
38%
76 Inter Milan Achraf Hakimi
37%
62 Napoli Kalidou Koulibaly
37%
61 Atalanta Josip Ilicic
35%
52 RB Leipzig Dayot Upamecano
31%
78 Wolverhampton Wanderers Raúl Jiménez
31%
100 Monaco Wissam Ben Yedder
31%
95 Juventus Álvaro Morata
30%
82 Everton Richarlison
30%
80 Everton Dominic Calvert-Lewin
29%
87 Rennes Eduardo Camavinga
27%
92 Inter Milan Nicoló Barella
27%
98 Lazio Luis Alberto
24%
72 Lyon Hassem Aouar
23%
68 RB Leipzig Marcel Sabitzer
23%
88 Atlético Madrid Marcos Llorente
23%
99 Paris Saint-Germain Presnel Kimpembe
23%
45 Barcelona Ansu Fati
22%
60 Chelsea Hakim Ziyech
22%
66 Real Madrid Federico Valverde
20%
74 Real Madrid Martin Ødegaard
20%
91 Atalanta Robin Gosens
19%
93 Al Shabab Éver Banega
18%
53 Sevilla Lucas Ocampos
18%
96 RB Salzburg Dominic Szoboszlai
16%
94 Manchester City Ferran Torres
14%
85 Arsenal Thomas Partey
13%
No matching quizzes found
Score Distribution
Percent of People with Each Score
Percentile by Number Answered
Your Score History
You have not taken this quiz